Quang học

Nội dung sách bao gồm: Sự phản xạ giao thoa và nhiễu xạ ánh sáng; tính chất lượng tử của bức xạ;các máy thu bức xạ quang học; sự phát quang.

में बचाया:
ग्रंथसूची विवरण
मुख्य लेखक: Huỳnh, Huệ
स्वरूप: पुस्तक
भाषा:Undetermined
प्रकाशित: Hà Nội Bộ Giáo dục và đào tạo 1995
विषय:
टैग : टैग जोड़ें
कोई टैग नहीं, इस रिकॉर्ड को टैग करने वाले पहले व्यक्ति बनें!
Thư viện lưu trữ: Trung tâm Học liệu Trường Đại học Cần Thơ
LEADER 00786nam a2200217Ia 4500
001 CTU_29316
008 210402s9999 xx 000 0 und d
082 |a 535 
082 |b H507 
100 |a Huỳnh, Huệ 
245 0 |a Quang học 
245 0 |c Huỳnh Huệ 
260 |a Hà Nội 
260 |b Bộ Giáo dục và đào tạo 
260 |c 1995 
520 |a Nội dung sách bao gồm: Sự phản xạ giao thoa và nhiễu xạ ánh sáng; tính chất lượng tử của bức xạ;các máy thu bức xạ quang học; sự phát quang. 
526 |a Lịch sử Vật lý,Quang học 
526 |b SG255,SP139 
650 |a Optics 
904 |i Minh, 990318 
980 |a Trung tâm Học liệu Trường Đại học Cần Thơ